Statistics for Pixelated World Map

Click here to take the quiz!

General Stats

  • This quiz has been taken 35,146 times
  • The average score is 1054 of 1129

Answers on the Map

Answers color-coded by a green-red scale on the quiz's map according to % correct below.
Loading ...
 

Answer Stats

Country% Correct
United States
100%
Russia
99%
Canada
99%
Mexico
99%
China
99%
Brazil
99%
Australia
98%
United Kingdom
98%
India
97%
Argentina
97%
France
97%
Iceland
96%
Norway
96%
Spain
96%
Sweden
96%
South Africa
96%
Denmark
96%
Japan
96%
Germany
96%
Chile
96%
Finland
95%
Ireland
95%
Egypt
94%
Italy
94%
Madagascar
93%
Peru
93%
New Zealand
93%
Colombia
92%
Mongolia
92%
South Korea
92%
North Korea
91%
Indonesia
91%
Turkey
91%
Iran
91%
Poland
91%
Uruguay
90%
Saudi Arabia
90%
Bolivia
89%
Niger
89%
Morocco
89%
Iraq
89%
Democratic Republic of the Congo
88%
Kazakhstan
88%
Paraguay
88%
Pakistan
88%
Greece
88%
Venezuela
88%
Netherlands
88%
Algeria
87%
Ukraine
87%
Thailand
87%
Vietnam
86%
Nigeria
86%
Sudan
86%
Libya
86%
Republic of the Congo
84%
Afghanistan
83%
Ecuador
83%
Philippines
82%
Ethiopia
82%
Chad
82%
Yemen
81%
Oman
81%
Somalia
80%
Kenya
80%
Austria
80%
Malaysia
80%
Nepal
80%
Laos
80%
Papua New Guinea
80%
Tunisia
79%
Suriname
79%
Cambodia
79%
Romania
79%
Belarus
79%
Myanmar
78%
Guyana
78%
Lithuania
77%
Hungary
77%
South Sudan
77%
Bangladesh
76%
Uzbekistan
76%
Syria
76%
Mali
76%
Czech Republic
75%
Zimbabwe
74%
Guatemala
74%
Turkmenistan
74%
Namibia
74%
Tanzania
73%
Nicaragua
73%
Mozambique
73%
Angola
73%
Bulgaria
72%
Zambia
72%
Botswana
71%
Ghana
71%
Jordan
71%
Serbia
71%
Mauritania
69%
Tajikistan
69%
Central African Republic
69%
Uganda
68%
Ivory Coast
68%
Kyrgyzstan
67%
Eritrea
66%
Azerbaijan
66%
Senegal
65%
Cameroon
65%
Guinea
63%
Gabon
59%
Sierra Leone
58%
Burkina Faso
57%
Benin
56%

Score Distribution

Percentile by Number Answered

Percent of People with Each Score

Your Score History

You have not taken this quiz